Management and utilization of oil palm wastes : a review

Bibliographic Details
Main Author: Megat Johari Megat Mohd. Noor
Other Authors: Abdul Halim Ghazali, Ahmad Jusoh
Format: Book
Published: Serdang : Universiti Pertanian Malaysia , 1990
Subjects:

MARC

LEADER 00000cam a2200000 7i4500
001 0000003196
005 20050310.0
020 0 0 |a 9679952614 ( 
090 0 0 |a 633.851   |b JOH 
100 0 0 |a Megat Johari Megat Mohd. Noor 
245 0 0 |a Management and utilization of oil palm wastes :   |b a review   |c Megat Johari Megat Mohd. Noor, Ahmad Jusoh, Abdul Halim Ghazali 
260 0 0 |a Serdang :   |b Universiti Pertanian Malaysia ,   |c 1990 
300 |a ix, 55p. ;   |c 26cm. 
500 0 0 |a Consolidation of information 
650 0 0 |a Agricultural wastes 
650 0 0 |a Oil palm   |x Waste disposal 
650 0 0 |a Salvage (Waste, etc.) 
650 0 0 |a Waste products 
700 0 1 |a Abdul Halim Ghazali 
700 0 1 |a Ahmad Jusoh 
999 |a 0000006132   |b Monograph   |c Open Shelf   |e Default branch